000 00409nam a22001697a 4500
005 20240412150207.0
008 160625b xxu||||| |||| 00| 0 eng d
020 _a81-7929-095-6
041 _aeng
082 _b10243
100 _aBrooks, Pamela
_9311
245 _aCommunicating Though News letters
260 _binfinity books
_c2005
300 _a93
650 _aMass Communication
_92660
942 _cBK
999 _c4072
_d4071